000 00842cac a22002291u 4500
090 _c890
008 081108t2003 xxu||||| |||| 00| 0 eng d
010 _a2001051151
020 _a0130609048
082 0 0 _a004.16
_bT631
100 _aTocci, Ronald J.
245 1 0 _aMicroprocessors and microcomputers :
_bhardware and software /
_cRonald J. Tocci, Frank J. Ambrosio.
250 _a6th ed.
260 _aUpper Saddle River, N.J. :
_bPrentice Hall,
_cc2003.
300 _axi, 612 p. :
_bill. ;
_c24 cm.
504 _aIncludes bibliographical references and index.
650 0 _aMicroprocessors.
650 0 _aMicrocomputers.
700 1 _aAmbrosio, Frank J.
942 _cBB
_k004.16T631
_2ddc
999 _c890
_d890